Estatísticas para Países por Produção de Leite

Clique aqui para jogar o quiz

Estatísticas Gerais

  • Esse quiz foi jogado 3 036 vezes
    (3 035 desde o último reset)
  • A pontuação média é 14 de 20

Estatísticas das Respostas

ToneladasPaís% Correto
2.39 miBrasil
99%
16.3 miEstados Unidos
97%
10.0 miFrança
90%
7.33 miRússia
90%
3.17 miCanadá
89%
15.2 miAlemanha
86%
2.18 miEspanha
86%
3.47 miÍndia
84%
2.65 miItália
84%
2.29 miAustrália
78%
3.27 miReino Unido
76%
4.08 miPolônia
64%
3.20 miPaíses Baixos
60%
2.93 miBélgica
55%
2.11 miUcrânia
55%
8.60 miNova Zelândia
54%
5.19 miTurquia
48%
4.71 miIrlanda
43%
4.34 miIrã
36%
2.49 miBielorrússia
23%

Distribuição das Pontuações

Percentil de Números Respondidos

Porcentagem de Pessoas com Cada Pontuação

Sua Pontuação Histórica

Você não jogou esse quiz desde o último reset